Bundesländer Österreichs nach Bevölkerungsdichte - Statistiken

Allgemein
  • Dieses Quiz wurde 172 mal gespielt
  • Das Durchschnittsergebnis liegt bei 6 aus 9
Antwortstatistiken
Einwohner pro km² Bundesland % Korrekt
4.631 Wien
100%
153 Vorarlberg
81%
125 Oberösterreich
72%
88 Niederösterreich
66%
78 Salzburg
60%
76 Steiermark
53%
75 Burgenland
51%
60 Tirol
50%
59 Kärnten
43%
Keine übereinstimmenden Quizze gefunden
Verteilung der Resultate
Anzahl Personen mit jedem Resultat
Perzentil nach korrekt beantworteten Fragen
Ihre Resultats-Entwicklung
Sie haben dieses Quiz noch nicht gespielt